| 000 | 00547nam a22001937a 4500 | ||
|---|---|---|---|
| 005 | 20251108172121.0 | ||
| 008 | 250721s1977 xx 000 0 ara d | ||
| 082 | 1 | 4 | _a956.05/حسن |
| 100 | 1 | _aجوهر، حسن محمد | |
| 245 | 1 | 0 |
_aإسبانيا : _bفردوس العرب المفقود / |
| 264 | 1 |
_aالقاهرة : _bدار الشعب، _c1977. |
|
| 300 | _a169ص | ||
| 650 | 1 | 7 | _aالعرب |
| 650 | 1 | 7 | _aالتاريخ |
| 650 | 1 | 7 | _aإسبانيا |
| 700 | 1 | _aشرف، مصطفى حسن | |
| 942 |
_2ddc _cBK |
||
| 999 |
_c70869 _d70869 |
||